000 00857cab a2200277 4500
001 ABS59000
008 090401t1998 xxu||||| |||| 00| 0 eng d
035 _a(Sirsi) u87752
041 _aeng
100 _aHolyoak, J.
245 _aAgainst all odds
260 _c1998
350 _a0
490 _aArchitects` Journal
_v208(3) 16 July 1998, 33-41(9)
520 _aReview of the competition winning design for the Birmingham Foyer, with comments from the architect and structural engineer. Includes cost analysis, plans and working details.
650 _aBRICK CLADDING
650 _aCOMMUNITY ARCHITECTURE
650 _aPILE FOUNDATIONS
650 _aPUBLIC AREAS
650 _aRESIDENTIAL USE
650 _aSTEEL FRAME
650 _aTRAFFIC NOISE
690 _aBUILDING AND CONSTRUCTION-PROJECTS
942 _n0
948 _c31/07/1998
999 _c55368
_d55368